Szegedi táncosok Székesfehérváron
Elmentve itt :
| Dokumentumtípus: | Cikk |
|---|---|
| Megjelent: |
1971-05-11
|
| Sorozat: | Délmagyarország
61 No. 109 |
| Kulcsszavak: | társas táncok |
| Online Access: | http://dmarchiv.bibl.u-szeged.hu/121017 |
| LEADER | 00409nab a2200145 i 4500 | ||
|---|---|---|---|
| 001 | delm121017 | ||
| 005 | 20190423093911.0 | ||
| 008 | 190423s1971 hu o 0|| hun d | ||
| 040 | |a SZTE Délmagyarország Archívum |b hun | ||
| 041 | |a hun | ||
| 245 | 0 | 0 | |a Szegedi táncosok Székesfehérváron |h [elektronikus dokumentum] |
| 260 | |c 1971-05-11 | ||
| 300 | |a 8 | ||
| 490 | 0 | |a Délmagyarország |v 61 No. 109 | |
| 695 | |a társas táncok | ||